[Event "St Petersburg Korchnoi Memorial op"]
[Site "St Petersburg"]
[Date "2023.08.22"]
[Round "7"]
[White "Kuznetsov, Pavel Dm"]
[Black "Merezhko, Nikita"]
[Result "0-1"]
[WhiteElo "1078"]
[BlackElo "1558"]
[PlyCount "96"]
[EventDate "2023.08.18"]
[EventType "swiss"]
[EventRounds "9"]
[EventCountry "RUS"]
[SourceTitle "EXT 2024"]
[Source "ChessBase"]
[SourceDate "2023.10.10"]
[SourceVersion "1"]
[SourceVersionDate "2023.10.10"]
[SourceQuality "1"]

1. d4 d5 2. c4 e6 3. Nf3 Nf6 4. g3 b6 5. Bg2 Bb7 6. Nbd2 Nbd7 7. 0-0 Bd6 8. b3 0-0 9. Bb2 Re8 10. Ne5 c5 11. Ndf3 Qc7 12. Rc1 Ne4 13. Qc2 cxd4 14. Nxd7 Qxd7 15. Nxd4 Nf6 16. Rfd1 Rac8 17. Nb5 Be7 18. Qd2 a6 19. Nc3 Red8 20. cxd5 exd5 21. e4 dxe4 22. Qxd7 Rxd7 23. Rxd7 Nxd7 24. Bxe4 Bxe4 25. Nxe4 Rxc1+ 26. Bxc1 Nf6 27. Nxf6+ Bxf6 28. Be3 Bd8 29. h4 h5 30. Kg2 f6 31. Kf3 Kf7 32. Ke4 Ke6 33. f4 f5+ 34. Kd4 Kd6 35. b4 b5 36. Kd3 Kd5 37. Bd4 g6 38. Be3 Bf6 39. Bd2 Bd4 40. Be1 Bg1 41. Kd2 Kd4 42. Ke2 Kc4 43. Kd2 Kd4 44. Kc2 Kc4 45. Bd2 Bd4 46. Kd1 Bf2 47. Be1 Bxe1 48. Kxe1 Kxb4 0-1

[Event "St Petersburg Korchnoi Memorial op"]
[Site "St Petersburg"]
[Date "2023.08.21"]
[Round "6"]
[White "Simkin, Alexander"]
[Black "Kuznetsov, Pavel Dm"]
[Result "0-1"]
[WhiteElo "1408"]
[BlackElo "1078"]
[PlyCount "74"]
[EventDate "2023.08.18"]
[EventType "swiss"]
[EventRounds "9"]
[EventCountry "RUS"]
[SourceTitle "EXT 2024"]
[Source "ChessBase"]
[SourceDate "2023.10.10"]
[SourceVersion "1"]
[SourceVersionDate "2023.10.10"]
[SourceQuality "1"]

1. d4 d5 2. Nf3 Nf6 3. Bf4 c5 4. e3 Nc6 5. c3 Qb6 6. Qc2 Bf5 7. Qb3 c4 8. Qxb6 axb6 9. Nbd2 e6 10. h3 h6 11. Be2 Be7 12. 0-0 0-0 13. g4 Bh7 14. Ne5 Nxe5 15. Bxe5 b5 16. a3 Nd7 17. Bg3 Nb6 18. f4 Na4 19. f5 Bg5 20. Bf4 Bxf4 21. Rxf4 Nxb2 22. e4 dxe4 23. Nxe4 exf5 24. gxf5 Rfe8 25. Rb1 Rxe4 26. Rxe4 Bxf5 27. Rxb2 Bxe4 28. Rxb5 Rxa3 29. Bxc4 Rxc3 30. Bf1 Bd3 31. Rc5 Rxc5 32. dxc5 Bxf1 33. Kxf1 Kf8 34. Kf2 Ke7 35. Ke3 Ke6 36. Kd4 f5 37. h4 g5 0-1

[Event "St Petersburg Korchnoi Memorial op"]
[Site "St Petersburg"]
[Date "2023.08.18"]
[Round "1"]
[White "Kuizhev, Adam"]
[Black "Kuznetsov, Pavel Dm"]
[Result "1-0"]
[WhiteElo "1855"]
[BlackElo "1078"]
[PlyCount "37"]
[EventDate "2023.08.18"]
[EventType "swiss"]
[EventRounds "9"]
[EventCountry "RUS"]
[SourceTitle "EXT 2024"]
[Source "ChessBase"]
[SourceDate "2023.10.10"]
[SourceVersion "1"]
[SourceVersionDate "2023.10.10"]
[SourceQuality "1"]

1. e4 c5 2. Nc3 d6 3. d4 cxd4 4. Qxd4 a6 5. b3 e5 6. Qd2 Be6 7. Ba3 Qa5 8. Bb2 Nf6 9. 0-0-0 Be7 10. Kb1 b5 11. f3 Nbd7 12. a3 0-0 13. Nd5 Qxd2 14. Nxe7+ Kh8 15. Rxd2 Rfe8 16. Nc6 Rac8 17. Rxd6 Nc5 18. Nxe5 Bxb3 19. cxb3 1-0